000 00762nam a22002657a 4500
001 BR7400234
003 BR-BrBNA
005 20230928084504.0
007 ta
008 230509b bl.||||| |||| 00| 0 por d
040 _aBR-BrBNA
_bpor
_cBiblioteca Nacional de Agricultura
041 _a(Por)
072 _aE70
_b2120
090 _ 2120 BR7400234 OBR
100 1 _aRamos, A.F.
245 1 _aValorizacao do cafe [Comercializacao]
260 3 _aSao Paulo, SP (Brasil):
_bTypographia do Diario Official,
_c1902.
300 _a68 p.
500 _aOBRA RARA; Article published in "Jornal do Commercio" and "Estado de Sao Paulo" in 1902
650 _aCAFE
650 _aMERCADO
650 _aPRECO
909 _a202309
_bLucia
_c55
_dLucia Elande
942 _cBK
999 _c19297
_d19297